|
|
|
|
| LEADER |
00000nam a2200000 a 4500 |
| 005 |
20131224125849.0 |
| 007 |
cr|||| |||| |
| 008 |
131001s2013 spc||||||b 001 ||spa|c |
| 017 |
|
|
|a DL B. 17364-2013
|
| 020 |
|
|
|a 9788494130441
|
| 035 |
|
|
|a 11720
|
| 040 |
|
|
|a vLex
|
| 080 |
|
|
|a 347.956(460)
|
| 090 |
|
|
|c 4653
|d 4653
|
| 100 |
1 |
|
|a Rodrg̕uez Camacho, Nuria
|
| 245 |
1 |
3 |
|a La Adhesin̤ al recurso de apelacin̤ civil
|h [Recurso electrn̤ico] /
|c Nuria Rodrg̕uez Camacho ; prl̤ogo: Joan Pic ̤i Junoy
|
| 256 |
|
|
|a Servicio en ln̕ea
|
| 260 |
|
|
|a Barcelona :
|b J.M. Bosch,
|c 2013
|
| 300 |
|
|
|a 1 recurso electrn̤ico
|
| 504 |
|
|
|a Bibliografa̕ p. [93]-97. Índice
|
| 506 |
1 |
|
|a Contenido solo disponible en los productos indicados
|d vLex Global
|d vLex Global (Academic Edition, excluding Law Schools)
|d vLex Global (U.S. Academic Edition, Law Schools)
|d vLex Global (U.S. Academic Edition, excluding Law Schools)
|d vLex Global (Academic Edition, Law Schools)
|
| 650 |
|
7 |
|a Apelacin̤
|z Espaą
|
| 650 |
|
7 |
|a Recurso de Apelacin̤
|z Espaą
|
| 700 |
1 |
|
|a Pic ̤i Junoy, Joan
|
| 740 |
0 |
|
|a vLex Libros (Servicio en ln̕ea)
|
| 830 |
|
0 |
|a Bosch procesal
|
| 856 |
4 |
0 |
|u http://vlex.com/source/adhesion-recurso-apelacion-civil-11720
|z Acceso restringido
|
| 942 |
|
|
|c BOOK
|
| 999 |
0 |
|
|a Appellate procedure
|